[Event "Kemp & Lauritzen Chess 2015"]
[Site "Fredericia"]
[Date "2015.05.10"]
[Round "9.8"]
[White "Bønnelykke, Ole"]
[Black "Rossen, Claus"]
[Result "0-1"]
[LiveChessVersion "1.4.2"]
[BlackElo "2174"]
[WhiteElo "2105"]

1. e4 {[%clk 2:00:00]} c5 {[%clk 1:59:55]} 2. Nc3 {[%clk 1:59:39]} Nc6
{[%clk 1:59:49]} 3. d3 {[%clk 1:59:29]} d6 {[%clk 1:59:43]} 4. g4
{[%clk 1:59:10]} e5 {[%clk 1:55:09]} 5. Bg2 {[%clk 1:58:33]} Nd4 {[%clk 1:51:11]}
6. g5 {[%clk 1:57:23]} Be7 {[%clk 1:47:38]} 7. h4 {[%clk 1:56:49]} h6
{[%clk 1:45:55]} 8. Nd5 {[%clk 1:55:32]} hxg5 {[%clk 1:45:18]} 9. Nxe7
{[%clk 1:54:47]} Nxe7 {[%clk 1:44:16]} 10. Bxg5 {[%clk 1:53:15]} Ne6
{[%clk 1:43:55]} 11. Qd2 {[%clk 1:52:32]} Nxg5 {[%clk 1:42:47]} 12. hxg5
{[%clk 1:51:10]} Rxh1 {[%clk 1:42:41]} 13. Bxh1 {[%clk 1:51:01]} Ng6
{[%clk 1:42:18]} 14. O-O-O {[%clk 1:50:07]} Nf4 {[%clk 1:40:19]} 15. Nf3
{[%clk 1:49:28]} Bg4 {[%clk 1:34:54]} 16. Rg1 {[%clk 1:47:25]} Qd7
{[%clk 1:34:40]} 17. b4 {[%clk 1:20:02]} Bxf3 {[%clk 1:14:49]} 18. Bxf3
{[%clk 1:19:45]} Qa4 {[%clk 1:14:47]} 19. bxc5 {[%clk 1:14:54]} Qxa2
{[%clk 1:12:56]} 20. Qc3 {[%clk 1:10:36]} Rc8 {[%clk 1:12:51]} 21. Kd2
{[%clk 1:05:37]} Rxc5 {[%clk 1:03:04]} 22. Ra1 {[%clk 1:04:03]} Rxc3
{[%clk 1:02:55]} 23. Rxa2 {[%clk 1:03:47]} Rc7 {[%clk 1:02:53]} 24. Rxa7
{[%clk 1:03:24]} Nh3 {[%clk 1:00:46]} 25. Ke3 {[%clk 0:53:33]} Nxg5
{[%clk 0:59:58]} 26. Bg4 {[%clk 0:52:11]} Ke7 {[%clk 0:57:55]} 27. c4
{[%clk 0:50:28]} Ne6 {[%clk 0:57:27]} 28. Bxe6 {[%clk 0:47:31]} Kxe6
{[%clk 0:57:19]} 29. Ra8 {[%clk 0:42:09]} f5 {[%clk 0:50:01]} 30. exf5+
{[%clk 0:38:28]} Kxf5 {[%clk 0:49:57]} 31. Re8 {[%clk 0:34:55]} Kf6
{[%clk 0:43:19]} 32. Ke4 {[%clk 0:34:11]} Re7 {[%clk 0:43:06]} 33. Rd8
{[%clk 0:31:51]} Ke6 {[%clk 0:42:58]} 34. Rf8 {[%clk 0:31:22]} Rf7
{[%clk 0:42:51]} 35. Re8+ {[%clk 0:29:34]} Kd7 {[%clk 0:42:07]} 36. Rb8
{[%clk 0:28:28]} Kc7 {[%clk 0:41:25]} 37. Rg8 {[%clk 0:27:34]} Rxf2
{[%clk 0:38:39]} 38. Rxg7+ {[%clk 0:27:25]} Kc6 {[%clk 0:38:34]} 39. Ke3
{[%clk 0:26:19]} Rf4 {[%clk 0:34:34]} 40. Rg6 {[%clk 0:22:36]} Rd4
{[%clk 0:33:37]} 41. Re6 {[%clk 0:21:12]} Kc5 {[%clk 0:31:03]} 42. Re7
{[%clk 0:20:32]} b6 {[%clk 0:29:46]} 43. Rc7+ {[%clk 0:19:34]} Kb4
{[%clk 0:29:41]} 44. Rc6 {[%clk 0:14:55]} Kc3 {[%clk 0:28:43]} 45. Rxb6
{[%clk 0:14:44]} Rxd3+ {[%clk 0:28:35]} 46. Ke2 {[%clk 0:13:25]} Kxc4
{[%clk 0:25:34]} 47. Rc6+ {[%clk 0:12:45]} Kb5 {[%clk 0:25:29]} 0-1

[Event "Kemp & Lauritzen Chess 2015"]
[Site "Fredericia"]
[Date "2015.05.10"]
[Round "9.9"]
[White "Jensen, Jakob Bjerre"]
[Black "Olsen, Filip Boe"]
[Result "0-1"]
[LiveChessVersion "1.4.2"]
[BlackElo "2192"]
[WhiteElo "2168"]

1. d4 {[%clk 1:59:59]} d5 {[%clk 1:59:34]} 2. c4 {[%clk 1:59:50]} c6
{[%clk 1:59:27]} 3. Nc3 {[%clk 1:59:43]} Nf6 {[%clk 1:59:19]} 4. e3
{[%clk 1:59:27]} e6 {[%clk 1:58:42]} 5. Nf3 {[%clk 1:59:23]} Nbd7
{[%clk 1:58:14]} 6. Bd3 {[%clk 1:59:17]} dxc4 {[%clk 1:57:58]} 7. Bxc4
{[%clk 1:59:12]} b5 {[%clk 1:57:50]} 8. Bd3 {[%clk 1:59:09]} Bb7 {[%clk 1:57:41]}
9. e4 {[%clk 1:58:53]} b4 {[%clk 1:53:22]} 10. Na4 {[%clk 1:58:46]} Be7
{[%clk 1:51:47]} 11. Bg5 {[%clk 1:50:45]} O-O {[%clk 1:44:30]} 12. e5
{[%clk 1:43:47]} Nd5 {[%clk 1:43:33]} 13. h4 {[%clk 1:33:27]} Rc8
{[%clk 1:38:54]} 14. Rc1 {[%clk 1:19:05]} Qa5 {[%clk 1:21:04]} 15. Bxe7
{[%clk 0:50:47]} Nxe7 {[%clk 1:19:47]} 16. Bxh7+ {[%clk 0:33:42]} Kxh7
{[%clk 0:59:25]} 17. Ng5+ {[%clk 0:33:35]} Kh6 {[%clk 0:57:09]} 18. Qd3
{[%clk 0:29:03]} g6 {[%clk 0:54:43]} 19. h5 {[%clk 0:23:33]} Kg7 {[%clk 0:43:12]}
20. Qf3 {[%clk 0:17:07]} Nf5 {[%clk 0:37:03]} 21. hxg6 {[%clk 0:11:07]} Rh8
{[%clk 0:34:22]} 22. Rh7+ {[%clk 0:10:54]} Rxh7 {[%clk 0:33:35]} 23. gxh7
{[%clk 0:10:50]} b3+ {[%clk 0:19:56]} 24. Nc3 {[%clk 0:09:57]} bxa2
{[%clk 0:18:54]} 25. Ra1 {[%clk 0:09:29]} Nxe5 {[%clk 0:14:05]} 26. dxe5
{[%clk 0:08:47]} Qxe5+ {[%clk 0:13:58]} 27. Kf1 {[%clk 0:08:14]} Qh2
{[%clk 0:13:07]} 28. Qh3 {[%clk 0:04:32]} Ba6+ {[%clk 0:12:41]} 29. Ke1
{[%clk 0:04:29]} Qg1+ {[%clk 0:12:30]} 30. Kd2 {[%clk 0:04:25]} Rd8+
{[%clk 0:11:20]} 0-1

[Event "Kemp & Lauritzen Chess 2015"]
[Site "Fredericia"]
[Date "2015.05.10"]
[Round "9.10"]
[White "Thuesen, Mogens Henrik"]
[Black "Rewitz, FM Poul"]
[Result "1/2-1/2"]
[LiveChessVersion "1.4.2"]
[BlackElo "2272"]
[WhiteElo "2179"]

1. d4 {[%clk 1:56:46]} c6 {[%clk 1:59:53]} 2. c4 {[%clk 1:56:27]} g6
{[%clk 1:59:30]} 3. Nc3 {[%clk 1:56:19]} Bg7 {[%clk 1:59:16]} 4. e4
{[%clk 1:55:15]} d5 {[%clk 1:56:24]} 5. cxd5 {[%clk 1:46:24]} cxd5
{[%clk 1:56:14]} 6. exd5 {[%clk 1:46:12]} Nf6 {[%clk 1:55:50]} 7. Qb3
{[%clk 1:45:56]} Nbd7 {[%clk 1:54:48]} 8. g3 {[%clk 1:45:41]} Nb6
{[%clk 1:53:49]} 9. Bg2 {[%clk 1:45:31]} O-O {[%clk 1:53:11]} 10. Nge2
{[%clk 1:45:27]} Bf5 {[%clk 1:52:35]} 11. O-O {[%clk 1:43:57]} Bd3
{[%clk 1:51:46]} 12. d6 {[%clk 1:33:19]} exd6 {[%clk 1:40:04]} 13. Bxb7
{[%clk 1:32:07]} Rb8 {[%clk 1:37:47]} 14. Bf3 {[%clk 1:31:59]} Qd7
{[%clk 1:23:08]} 15. Qd1 {[%clk 1:30:52]} Qf5 {[%clk 1:20:15]} 16. Bg2
{[%clk 1:23:34]} Bc2 {[%clk 1:18:28]} 17. Qe1 {[%clk 1:11:05]} Rfe8
{[%clk 1:16:09]} 18. b3 {[%clk 1:10:29]} Ne4 {[%clk 1:06:44]} 19. Be3
{[%clk 1:05:44]} Ng5 {[%clk 0:57:58]} 20. Qd2 {[%clk 1:02:53]} Bh6
{[%clk 0:56:01]} 21. h4 {[%clk 0:56:34]} Nh3+ {[%clk 0:53:15]} 22. Kh2
{[%clk 0:43:57]} Bxe3 {[%clk 0:46:05]} 23. fxe3 {[%clk 0:43:51]} Nf2
{[%clk 0:45:56]} 24. Rxf2 {[%clk 0:37:43]} Qxf2 {[%clk 0:45:27]} 25. Rf1
{[%clk 0:37:33]} Qxe3 {[%clk 0:44:45]} 26. Qxc2 {[%clk 0:37:25]} Rbc8
{[%clk 0:43:29]} 27. Rf3 {[%clk 0:36:34]} Qh6 {[%clk 0:40:41]} 28. Qd3
{[%clk 0:35:00]} Re7 {[%clk 0:39:19]} 29. Nf4 {[%clk 0:30:02]} f5
{[%clk 0:32:59]} 30. Re3 {[%clk 0:27:47]} Rce8 {[%clk 0:30:22]} 31. Rxe7
{[%clk 0:27:17]} Rxe7 {[%clk 0:30:16]} 32. Ncd5 {[%clk 0:26:26]} Nxd5
{[%clk 0:28:55]} 33. Bxd5+ {[%clk 0:26:20]} Kg7 {[%clk 0:27:09]} 34. Kg2
{[%clk 0:20:53]} Kh8 {[%clk 0:23:20]} 35. Qa6 {[%clk 0:18:47]} Qf8
{[%clk 0:22:57]} 36. Ne6 {[%clk 0:16:38]} Qb8 {[%clk 0:22:18]} 37. b4
{[%clk 0:15:13]} h6 {[%clk 0:21:46]} 38. a3 {[%clk 0:11:05]} Kh7 {[%clk 0:15:30]}
39. Qd3 {[%clk 0:09:47]} Qc8 {[%clk 0:14:34]} 40. Qc4 {[%clk 0:08:04]} Qe8
{[%clk 0:10:38]} 41. b5 {[%clk 0:07:02]} g5 {[%clk 0:08:35]} 42. Qd3
{[%clk 0:03:37]} Kh8 {[%clk 0:02:09]} 43. Qxf5 {[%clk 0:02:26]} Rf7
{[%clk 0:01:36]} 44. Bc6 {[%clk 0:27:25]} Qe7 {[%clk 0:26:16]} 45. Qg4
{[%clk 0:21:09]} Qf6 {[%clk 0:19:01]} 46. Bf3 {[%clk 0:15:35]} gxh4
{[%clk 0:18:29]} 47. gxh4 {[%clk 0:15:29]} Re7 {[%clk 0:17:47]} 48. d5
{[%clk 0:15:17]} Re8 {[%clk 0:17:27]} 49. Kh3 {[%clk 0:14:47]} Rc8
{[%clk 0:12:57]} 50. Qd4 {[%clk 0:11:53]} Qxd4 {[%clk 0:12:29]} 51. Nxd4
{[%clk 0:11:48]} Rc3 {[%clk 0:10:44]} 52. Kg3 {[%clk 0:11:24]} Rxa3
{[%clk 0:10:26]} 53. Nf5 {[%clk 0:11:05]} a5 {[%clk 0:09:18]} 54. bxa6
{[%clk 0:09:40]} Rxa6 {[%clk 0:07:58]} 55. Nxh6 {[%clk 0:09:33]} Kg7
{[%clk 0:07:27]} 56. Ng4 {[%clk 0:09:07]} Kg6 {[%clk 0:07:08]} 57. Be4+
{[%clk 0:08:51]} Kh5 {[%clk 0:06:35]} 58. Nf6+ {[%clk 0:08:32]} Kh6
{[%clk 0:06:30]} 59. Kf4 {[%clk 0:07:52]} Kg7 {[%clk 0:05:45]} 60. Kg5
{[%clk 0:07:16]} Kh8 {[%clk 0:04:00]} 61. h5 {[%clk 0:06:25]} Ra7
{[%clk 0:03:32]} 62. h6 {[%clk 0:05:23]} Re7 {[%clk 0:03:15]} 63. Kf4
{[%clk 0:05:08]} Re5 {[%clk 0:02:58]} 64. Ng4 {[%clk 0:04:42]} Rh5
{[%clk 0:02:50]} 65. Bg6 {[%clk 0:04:17]} Rh1 {[%clk 0:02:38]} 66. Kf5
{[%clk 0:03:29]} Rg1 {[%clk 0:02:19]} 67. Ne3 {[%clk 0:02:38]} Rc1
{[%clk 0:01:46]} 68. Ng2 {[%clk 0:02:32]} Rg1 {[%clk 0:01:38]} 69. Nf4
{[%clk 0:02:30]} Re1 {[%clk 0:01:33]} 70. Kf6 {[%clk 0:02:10]} Rf1
{[%clk 0:01:29]} 71. Kg5 {[%clk 0:02:05]} Re1 {[%clk 0:01:26]} 72. Bf5
{[%clk 0:01:54]} Rg1+ {[%clk 0:01:23]} 73. Kf6 {[%clk 0:01:53]} Re1
{[%clk 0:01:18]} 74. h7 {[%clk 0:01:48]} Rg1 {[%clk 0:01:03]} 75. Ke6
{[%clk 0:01:38]} Kg7 {[%clk 0:00:50]} 76. Kxd6 {[%clk 0:01:34]} Re1
{[%clk 0:00:49]} 77. Ne6+ {[%clk 0:01:28]} Kh8 {[%clk 0:00:48]} 78. Ke7
{[%clk 0:01:24]} Rf1 {[%clk 0:00:45]} 79. Kf6 {[%clk 0:01:16]} Rd1
{[%clk 0:00:41]} 80. Ke5 {[%clk 0:01:14]} Rxd5+ {[%clk 0:00:37]} 81. Kxd5
{[%clk 0:00:26]} 1/2-1/2

[Event "Kemp & Lauritzen Chess 2015"]
[Site "Fredericia"]
[Date "2015.05.10"]
[Round "9.11"]
[White "Bjerre, Jonas"]
[Black "Firooznia, Farzam"]
[Result "1/2-1/2"]
[LiveChessVersion "1.4.2"]
[BlackElo "2098"]
[WhiteElo "2120"]

1. e4 {[%clk 1:59:57]} c5 {[%clk 1:59:45]} 2. Nf3 {[%clk 1:59:52]} g6
{[%clk 1:59:42]} 3. d4 {[%clk 1:59:42]} cxd4 {[%clk 1:59:38]} 4. Nxd4
{[%clk 1:59:37]} Nc6 {[%clk 1:59:33]} 5. c4 {[%clk 1:59:26]} Nf6 {[%clk 1:59:25]}
6. Nc3 {[%clk 1:59:19]} Nxd4 {[%clk 1:58:22]} 7. Qxd4 {[%clk 1:59:07]} d6
{[%clk 1:58:17]} 8. Be2 {[%clk 1:55:51]} Bg7 {[%clk 1:58:02]} 9. Be3
{[%clk 1:54:24]} O-O {[%clk 1:57:54]} 10. Qd2 {[%clk 1:54:10]} a5
{[%clk 1:57:48]} 11. O-O {[%clk 1:53:30]} a4 {[%clk 1:57:42]} 12. f3
{[%clk 1:50:53]} Qa5 {[%clk 1:56:59]} 13. Rac1 {[%clk 1:45:24]} Be6
{[%clk 1:56:31]} 14. Rfd1 {[%clk 1:44:14]} Nd7 {[%clk 1:50:51]} 15. Nd5
{[%clk 1:41:33]} Bxd5 {[%clk 1:47:44]} 16. exd5 {[%clk 1:41:22]} Nc5
{[%clk 1:44:22]} 1/2-1/2